30 Graus Este Países - Statistics

Estatísticas Gerais
  • Esse quiz foi jogado 24 vezes
  • A pontuação média é 13 de 20
Estatísticas das Respostas
graus país % Correto
Rússia
100%
Bielorrússia
88%
Ucrânia
88%
Turquia
82%
Egito
76%
Moldávia
71%
0.29° Romênia
71%
África do Sul
65%
Sudão
65%
Sudão do Sul
65%
Rep Dem Congo
59%
Uganda
59%
Zâmbia
59%
Zimbábue
59%
Burundi
53%
Finlândia
53%
Ruanda
53%
0.20° Moçambique
47%
Noruega
41%
Tanzânia
41%
Nenhum quiz correspondente encontrado
Distribuição das Pontuações
Porcentagem de Pessoas com Cada Pontuação
Percentil de Números Respondidos
Sua Pontuação Histórica
Você não jogou esse quiz